书目信息 |
| 题名: |
冤狱述略
|
|
| 作者: | 董波涌 , 张南 编著 | |
| 分册: | ||
| 出版信息: | 桂林 广西师范大学出版社 1998.11 |
|
| 页数: | 126页 | |
| 开本: | 32开 | |
| 丛书名: | ||
| 单 册: | ||
| 中图分类: | I247.53 | |
| 科图分类: | ||
| 主题词: | 小说--中国 | |
| 电子资源: | ||
| ISBN: | 7-5633-1526-8 | |
| 000 | 00583nam0 2200205 45 | |
| 001 | 0106150824 | |
| 005 | 20010615085308.8 | |
| 010 | @a7-5633-1526-8@d8.00元 | |
| 100 | @a20010615d1998 km y0chiy0120 ea | |
| 101 | 0 | @achi |
| 105 | @a z 000yy | |
| 200 | 1 | @a冤狱述略@AYuan Yu Shu Lue@f董波涌,张南编著@FDong Bo Yong,Zhang Nan Bian Zhu |
| 210 | @a桂林@c广西师范大学出版社@d1998.11 | |
| 215 | @a126页@d32开 | |
| 606 | 0 | @a小说@x中国 |
| 690 | @aI247.53@v3 | |
| 701 | 0 | @a董波涌@4编著 |
| 701 | 0 | @a张南@4编著 |
| 801 | @aCN@bPftUser@c20010615 | |
| 905 | @f20@b347638-657@dI247.53@eD907 | |
| 冤狱述略/董波涌,张南编著.-桂林:广西师范大学出版社,1998.11 |
| 126页;32开 |
| ISBN 7-5633-1526-8:8.00元 |
| ● |
| 相关链接 |
|
|
|
正题名:冤狱述略
索取号:I247.53/D907
 
预约/预借
| 序号 | 登录号 | 条形码 | 馆藏地/架位号 | 状态 | 备注 |
| 1 | 347638 | 203476381 | 社科二线400B/400B社科库 19排1列3层/ [索取号:I247.53/D907] | 在馆 | |
| 2 | 347639 | 203476390 | 社科二线400B/400B社科库 19排1列3层/ [索取号:I247.53/D907] | 在馆 | |
| 3 | 347640 | 203476407 | 社科二线400B/400B社科库 19排1列3层/ [索取号:I247.53/D907] | 在馆 | |
| 4 | 347641 | 203476416 | 社科二线400B/400B社科库 15排3列1层/ [索取号:I247.53/D907] | 在馆 | |
| 5 | 347642 | 203476425 | 社科二线400B/400B社科库 25排3列2层/ [索取号:I247.53/D907] | 在馆 | |
| 6 | 347643 | 203476434 | 社科二线400B/400B社科库 19排1列3层/ [索取号:I247.53/D907] | 在馆 | |
| 7 | 347644 | 203476443 | 社科二线400B/400B社科库 19排1列3层/ [索取号:I247.53/D907] | 在馆 | |
| 8 | 347645 | 203476452 | 社科二线400B/400B社科库 19排1列3层/ [索取号:I247.53/D907] | 在馆 | |
| 9 | 347646 | 203476461 | 社科二线400B/400B社科库 19排1列3层/ [索取号:I247.53/D907] | 在馆 | |
| 10 | 347647 | 203476470 | 社科二线400B/400B社科库 19排1列3层/ [索取号:I247.53/D907] | 在馆 | |
| 11 | 347648 | 203476489 | 社科二线400B/400B社科库 19排1列3层/ [索取号:I247.53/D907] | 在馆 | |
| 12 | 347649 | 203476498 | 社科二线400B/400B社科库 19排1列3层/ [索取号:I247.53/D907] | 在馆 | |
| 13 | 347650 | 203476504 | 社科二线400B/400B社科库 19排1列3层/ [索取号:I247.53/D907] | 在馆 | |
| 14 | 347651 | 203476513 | 社科二线400B/400B社科库 19排1列3层/ [索取号:I247.53/D907] | 在馆 | |
| 15 | 347652 | 203476522 | 社科二线400B/400B社科库 19排1列3层/ [索取号:I247.53/D907] | 在馆 | |
| 16 | 347653 | 203476531 | 社科二线400B/400B社科库 19排1列3层/ [索取号:I247.53/D907] | 在馆 | |
| 17 | 347654 | 203476540 | 社科二线400B/400B社科库 1排4列6层/ [索取号:I247.53/D907] | 在馆 | |
| 18 | 347655 | 203476559 | 社科二线400B/400B社科库 19排1列3层/ [索取号:I247.53/D907] | 在馆 | |
| 19 | 347656 | 203476568 | 社科二线400B/400B社科库 21排4列2层/ [索取号:I247.53/D907] | 在馆 | |
| 20 | 347657 | 203476577 | 社科二线400B/400B社科库 19排1列3层/ [索取号:I247.53/D907] | 在馆 |